000 00899nam a2200253Ia 4500
003 OSt
005 20221005112551.0
006 a|||||r|||| 00| 0
007 ta
008 221004b |||||||| |||| 00| 0 pan d
020 _c200
024 _a26252
037 _b1023, 16/03/2016, H.K. Prakashan
_cTextual
040 _aCRL
_cCRL
_bpan
041 _2pan
_apan
082 _aO153,3:g, P5
100 _aਸਿੰਘ, ਸਰਬਜੋਤ
245 0 _aਵਿFਵੀਕਰਨ, ਸਭਿਆਚਾਰਕ ਬਦਲਾਵ ਅਤੇ ਪੰਜਾਬੀ ਨਾਵਲ
260 _aਚੰਡੀਗੜੂ
_bਲੋਕਗੀਤ ਪ੍ਰਕਾਸਨ ਭਾਰਤ
_c2005
300 _a158ਪੰ
_ccm.
650 _aਪੰਜਾਬੀ ਸਾਹਿਤ
942 _hO153,3:g, P5
_cTEXL
_2cc
999 _c1025274
_d1025274